<?xml version="1.0" encoding="UTF-8"?>
<record
    xmlns:xsi="http://www.w3.org/2001/XMLSchema-instance"
    xsi:schemaLocation="http://www.loc.gov/MARC21/slim http://www.loc.gov/standards/marcxml/schema/MARC21slim.xsd"
    xmlns="http://www.loc.gov/MARC21/slim">

  <leader>02224nam a2200277Ia 4500</leader>
  <controlfield tag="001">K0322</controlfield>
  <controlfield tag="003">IT-RoPAU</controlfield>
  <controlfield tag="008">130308s9999    xx            000 0 und d</controlfield>
  <datafield tag="040" ind1=" " ind2=" ">
    <subfield code="a">IT-RoPAU</subfield>
  </datafield>
  <datafield tag="040" ind1=" " ind2=" ">
    <subfield code="c">IT-RoPAU</subfield>
  </datafield>
  <datafield tag="041" ind1=" " ind2=" ">
    <subfield code="a">ITALIANO  </subfield>
  </datafield>
  <datafield tag="100" ind1=" " ind2=" ">
    <subfield code="a">AA.VV.</subfield>
  </datafield>
  <datafield tag="100" ind1=" " ind2=" ">
    <subfield code="g">Codice Aut. SPICS: 12000</subfield>
  </datafield>
  <datafield tag="245" ind1=" " ind2=" ">
    <subfield code="a">Incisioni della raccolta Majno</subfield>
  </datafield>
  <datafield tag="245" ind1=" " ind2=" ">
    <subfield code="b">Incisioni della raccolta Majno                                                                                                                            </subfield>
  </datafield>
  <datafield tag="250" ind1=" " ind2=" ">
    <subfield code="a">1a ed.</subfield>
  </datafield>
  <datafield tag="260" ind1=" " ind2=" ">
    <subfield code="b">s.e. (senza Editrice o non identificata)</subfield>
  </datafield>
  <datafield tag="260" ind1=" " ind2=" ">
    <subfield code="c">1958 [1&#xB0; Ed.:1958 - Ed.Ling.Originale:1958]</subfield>
  </datafield>
  <datafield tag="300" ind1=" " ind2=" ">
    <subfield code="a">"94 p. (prefazione: no ; testo: 94 [pagine: 0-0])"</subfield>
  </datafield>
  <datafield tag="500" ind1=" " ind2=" ">
    <subfield code="a">"Catalogo della mostra Tenutasi a Milano, palazzo di Brera, maggio 1958. 29 Illustrazioni in bianco e Nero di Autori vari tra I Quali: Mantegna Andrea; Cristofano di Michele Detto Robetta; Marcantonio Raimondi; Giovanni Antonio da Brescia; Marco Dente; Agostino Musi Detto Agostino Veneziano; Giulio Bonasone; Enea Vico; Nicolo' Beautrizet Detto Beatricetto; Giacomo Caraglio; Ambrogio Brambilla Detto Brambini; Giovanni Battista Scultori; Giorgio Ghisi; Bartolomeo da Brescia Detto Olmo; Ugo da Carpi; Antonio Fantuzzi Detto Antonio da Trento; Giuseppe Nicola Vicentino; Giuseppe Porta; Domenico Beccafumi; Andrea Andreani; Nicolo' Boldrini; Giuseppe Scolari; Francesco Mazzola Detto Parmigianino; Andrea Meldolla Detto Schiavone; Domenico del Barbiere; Orazio Farinati; Camillo Procaccini; Federico Barocci; Agostino Carracci; Annibale Carracci; Cherubino Alberti; Francesco Villamena; Caravaggio; Ottavio Leoni; Guido Reni; Simone Cantarini; Elisabetta Sirani; Lorenzo Loli; Giovanni Francesco Grimaldi; Francesco Barbieri Detto Guercino; Odoardo Fialetti; Giuseppe Maria Mitelli; Giulio Carpioni; Gian Benedetto Castiglione Detto Grechetto; Salvatore Castiglione; Bartolomeo Bisciano; Picasso; Goya; Morandi; Carra'; Fattori; Millet; Corot; Piranesi; Canaletto; Tiepolo G.B.; Edelinck N.E.; Berchem; Nanteuil; Van Dyck; Van Ostade; Duerer; Rembran  D"</subfield>
  </datafield>
  <datafield tag="650" ind1=" " ind2=" ">
    <subfield code="a">SAGGI SULLE ARTI VISIVE</subfield>
  </datafield>
  <datafield tag="650" ind1=" " ind2=" ">
    <subfield code="e">Codice materia Spics: 5011</subfield>
  </datafield>
  <datafield tag="942" ind1=" " ind2=" ">
    <subfield code="c">BK</subfield>
  </datafield>
  <datafield tag="957" ind1=" " ind2=" ">
    <subfield code="7">1</subfield>
  </datafield>
  <datafield tag="999" ind1=" " ind2=" ">
    <subfield code="c">77091</subfield>
    <subfield code="d">77091</subfield>
  </datafield>
  <datafield tag="999" ind1=" " ind2=" ">
    <subfield code="g">1</subfield>
  </datafield>
  <datafield tag="952" ind1=" " ind2=" ">
    <subfield code="0">0</subfield>
    <subfield code="1">0</subfield>
    <subfield code="4">0</subfield>
    <subfield code="6">K_000000000000000_0322</subfield>
    <subfield code="7">1</subfield>
    <subfield code="a">SPICS</subfield>
    <subfield code="b">SPICS</subfield>
    <subfield code="d">2013-03-08</subfield>
    <subfield code="l">0</subfield>
    <subfield code="o">K0322</subfield>
    <subfield code="r">2013-03-08 00:00:00</subfield>
    <subfield code="w">2013-03-08</subfield>
    <subfield code="y">BK</subfield>
    <subfield code="z">Progressivo inserimento:  22515 /  N. Volumi: 1 Copie: 1  / data import: 1 marzo 2013 - By Epidotti, Trombetti, Vaglietti. </subfield>
  </datafield>
</record>
